Law and revolution : (Record no. 6386)
[ view plain ]
| 000 -LEADER | |
|---|---|
| fixed length control field | 00609cam a22002052 4500 |
| 001 - CONTROL NUMBER | |
| control field | 0000003382 |
| 005 - DATE AND TIME OF LATEST TRANSACTION | |
| control field | 20151217151923.0 |
| 008 - FIXED-LENGTH DATA ELEMENTS--GENERAL INFORMATION | |
| fixed length control field | 070504s xx 000 0 eng d |
| 020 ## - INTERNATIONAL STANDARD BOOK NUMBER | |
| International Standard Book Number | 0674517768 : |
| Terms of availability | KES 400 |
| 040 ## - CATALOGING SOURCE | |
| Original cataloging agency | KABU |
| Transcribing agency | KABU |
| 050 #0 - LIBRARY OF CONGRESS CALL NUMBER | |
| Classification number | K150 |
| Item number | .B47 |
| 100 1# - MAIN ENTRY--PERSONAL NAME | |
| Personal name | Berman, Harold J. |
| -- | 0000153275 |
| 245 10 - TITLE STATEMENT | |
| Title | Law and revolution : |
| Remainder of title | the formation of the Western legal tradition. |
| 260 ## - PUBLICATION, DISTRIBUTION, ETC. (IMPRINT) | |
| Place of publication, distribution, etc. | London : |
| Name of publisher, distributor, etc. | Harvard Univ. Press, |
| Date of publication, distribution, etc. | 1983. |
| 300 ## - PHYSICAL DESCRIPTION | |
| Extent | 657 p. |
| 650 #0 - SUBJECT ADDED ENTRY--TOPICAL TERM | |
| Topical term or geographic name as entry element | Law |
| General subdivision | History and criticism. |
| -- | 0000153276 |
| 908 ## - PUT COMMAND PARAMETER (RLIN) | |
| Put command parameter | 070504 |
| 950 ## - LOCAL HOLDINGS (RLIN) | |
| -- | 1 |
| Withdrawn status | Lost status | Source of classification or shelving scheme | Not for loan | Home library | Current library | Date acquired | Total Checkouts | Full call number | Barcode | Date last seen | Date last checked out | Price effective from | Koha item type |
|---|---|---|---|---|---|---|---|---|---|---|---|---|---|
| Library of Congress Classification | Kabarak, Main Campus | Kabarak, Main Campus | 17/12/2015 | 1 | K150 .B47 | 004785 | 16/07/2018 | 05/07/2018 | 17/12/2015 | General Collection |